| 000 | 01935nam a2200409 a 4500 | ||
|---|---|---|---|
| 001 | ebr10285374 | ||
| 003 | CaPaEBR | ||
| 006 | m u | ||
| 007 | cr cn||||||||| | ||
| 008 | 061120s2007 laua sb s001 0 eng | ||
| 010 | _z 2006039016 | ||
| 020 | _z9780807132579 (alk. paper) | ||
| 020 | _z0807132578 (alk. paper) | ||
| 040 |
_aCaPaEBR _cCaPaEBR |
||
| 035 | _a(OCoLC)646807044 | ||
| 050 | 1 | 4 |
_aPS153.N5 _bK47 2007eb |
| 082 | 0 | 4 |
_a810.9/355 _222 |
| 100 | 1 | _aKing, Lovalerie. | |
| 245 | 1 | 0 |
_aRace, theft, and ethics _h[electronic resource] : _bproperty matters in African American literature / _cLovalerie King. |
| 260 |
_aBaton Rouge : _bLouisiana State University Press, _cc2007. |
||
| 300 |
_ax, 187 p. : _bill. |
||
| 490 | 1 | _aSouthern literary studies | |
| 504 | _aIncludes bibliographical references (p. [159]-182) and index. | ||
| 505 | 0 | _aRace, property, and ethics: the historical and legal equation -- The ethics of living slavery and Jim Crow -- Theft and love in two neo-freedom narratives: Toni Morrison's Beloved and Charles Johnson's Middle passage -- Miscegenation, disinheritance, and the ethics of passing -- In quest of the elusive American dream. | |
| 533 |
_aElectronic reproduction. _bPalo Alto, Calif. : _cebrary, _d2013. _nAvailable via World Wide Web. _nAccess may be limited to ebrary affiliated libraries. |
||
| 650 | 0 |
_aAmerican literature _xAfrican American authors _xHistory and criticism. |
|
| 650 | 0 | _aProperty in literature. | |
| 650 | 0 | _aTheft in literature. | |
| 650 | 0 | _aAfrican Americans in literature. | |
| 650 | 0 | _aLaw in literature. | |
| 650 | 0 | _aEthics in literature. | |
| 650 | 0 | _aRace discrimination in literature. | |
| 655 | 7 |
_aElectronic books. _2local |
|
| 710 | 2 | _aebrary, Inc. | |
| 830 | 0 | _aSouthern literary studies. | |
| 856 | 4 | 0 |
_uhttp://site.ebrary.com/lib/rucke/Doc?id=10285374 _zAn electronic book accessible through the World Wide Web; click to view |
| 999 |
_c16897 _d16897 |
||